The Power of culture : Driving Today's Organization (Record no. 2814)
| 000 -LEADER | |
|---|---|
| fixed length control field | 01666pam a2200337 a 4500 |
| 001 - CONTROL NUMBER | |
| control field | 2505194 |
| 003 - CONTROL NUMBER IDENTIFIER | |
| control field | OSt |
| 005 - DATE AND TIME OF LATEST TRANSACTION | |
| control field | 20160818124539.0 |
| 008 - FIXED-LENGTH DATA ELEMENTS--GENERAL INFORMATION | |
| fixed length control field | 920819s1993 ilua b 000 0 eng |
| 010 ## - LIBRARY OF CONGRESS CONTROL NUMBER | |
| LC control number | 92031011 |
| 020 ## - INTERNATIONAL STANDARD BOOK NUMBER | |
| International Standard Book Number | 0226259544 (cloth : acidfree paper) |
| 020 ## - INTERNATIONAL STANDARD BOOK NUMBER | |
| International Standard Book Number | 9780074713815(pbk. : acidfree paper) |
| 040 ## - CATALOGING SOURCE | |
| Original cataloging agency | DLC |
| Transcribing agency | DLC |
| Modifying agency | DLC |
| 043 ## - GEOGRAPHIC AREA CODE | |
| Geographic area code | n-us--- |
| 050 00 - LIBRARY OF CONGRESS CALL NUMBER | |
| Classification number | E169.1.B37 2004 |
| 082 00 - DEWEY DECIMAL CLASSIFICATION NUMBER | |
| Classification number | 973.9 |
| Edition number | 20 |
| 100 ## - MAIN ENTRY--PERSONAL NAME | |
| Personal name | Barker, Carolyn |
| 245 04 - TITLE STATEMENT | |
| Title | The Power of culture : Driving Today's Organization |
| Statement of responsibility, etc | edited by Carolyn Baker, Robyn Coy |
| 260 ## - PUBLICATION, DISTRIBUTION, ETC. (IMPRINT) | |
| Place of publication, distribution, etc | Australia: |
| Name of publisher, distributor, etc | McGraw Hill |
| Date of publication, distribution, etc | 2004. |
| 300 ## - PHYSICAL DESCRIPTION | |
| Extent | x, 244 p. : |
| Other physical details | ill. ; |
| Dimensions | 24 cm. |
| 440 ## - SERIES STATEMENT/ADDED ENTRY--TITLE | |
| Title | Management Today Series |
| 504 ## - BIBLIOGRAPHY, ETC. NOTE | |
| Bibliography, etc | Includes bibliographical references. |
| 505 0# - FORMATTED CONTENTS NOTE | |
| Formatted contents note | Sherwood Anderson / Jackson Lears -- Unlimn'd they disappear / Christopher P. Wilson -- Early American murder narratives / Karen Halttunen -- Intimacy on trial / Richard Wightman Fox -- The class experience of mass consumption / Lizabeth Cohen -- Between culture and consumption / Joan Shelley Rubin -- Fighting for the American family / Robert Westbrook -- Making time / Michael L. Smith -- An atmosphere of effrontery / Casey Nelson Blake. |
| 651 #0 - SUBJECT ADDED ENTRY--GEOGRAPHIC NAME | |
| Geographic name | United States |
| General subdivision | Civilization |
| Chronological subdivision | 20th century. |
| 700 1# - ADDED ENTRY--PERSONAL NAME | |
| Personal name | Coy, Robyn |
| 856 42 - ELECTRONIC LOCATION AND ACCESS | |
| Materials specified | Publisher description |
| Uniform Resource Identifier | <a href="http://www.loc.gov/catdir/description/uchi051/92031011.html">http://www.loc.gov/catdir/description/uchi051/92031011.html</a> |
| 856 41 - ELECTRONIC LOCATION AND ACCESS | |
| Materials specified | Table of contents |
| Uniform Resource Identifier | <a href="http://www.loc.gov/catdir/toc/uchi051/92031011.html">http://www.loc.gov/catdir/toc/uchi051/92031011.html</a> |
| 906 ## - LOCAL DATA ELEMENT F, LDF (RLIN) | |
| a | 7 |
| b | cbc |
| c | orignew |
| d | 1 |
| e | ocip |
| f | 19 |
| g | y-gencatlg |
| 942 ## - ADDED ENTRY ELEMENTS (KOHA) | |
| Source of classification or shelving scheme | |
| Koha item type | Book |
| Withdrawn status | Lost status | Source of classification or shelving scheme | Damaged status | Not for loan | Home library | Current library | Shelving location | Date acquired | Total Checkouts | Full call number | Barcode | Date last seen | Copy number | Price effective from | Koha item type |
|---|---|---|---|---|---|---|---|---|---|---|---|---|---|---|---|
| Riara University Library | Riara University Library | General stack | 18/08/2016 | E169.1.B37 2004 | 7020/16 | 18/08/2016 | C.1 | 18/08/2016 | Book | ||||||
| Riara University Library | Riara University Library | General stack | 19/10/2016 | E169.1.B37 2004 | 8617/16 | 19/10/2016 | C.2 | 19/10/2016 | Book |
